Statistics for Commonwealth Host Cities

Click here to take the quiz!

General Stats

  • This quiz has been taken 22 times
  • The average score is 24 of 28

Answer Stats

YearHostCity% Correct
1986United KingdomLondon
100%
2018United KingdomLondon
100%
1977United KingdomLondon
100%
2023United KingdomLondon
100%
1983IndiaNew Delhi
100%
2011AustraliaPerth
100%
1971SingaporeSingapore
100%
2015MaltaValletta
100%
2005MaltaValletta
100%
1995New ZealandAuckland
95%
2013Sri LankaColombo
95%
1975JamaicaKingston
95%
1991ZimbabweHarare
91%
2022RwandaKigali
91%
1981AustraliaMelbourne
91%
1985BahamasNassau
91%
1987CanadaVancouver
91%
1997United KingdomEdinburgh
86%
1989MalaysiaKuala Lumpur
86%
2009Trinidad and TobagoPort of Spain
86%
2003NigeriaAbuja
82%
2007UgandaKampala
82%
1973CanadaOttawa
82%
2024SamoaApia
77%
1999South AfricaDurban
77%
1979ZambiaLusaka
73%
1993CyprusLimassol
55%
2002AustraliaCoolum
14%

Score Distribution

Percentile by Number Answered

Percent of People with Each Score

Your Score History

You have not taken this quiz